00776nam a22001937a 450000500170000001000130001702000260003003500130005603700190006910000210008824502000010926000580030927000780036730000270044550000430047270000260051570000200054171000210056120181020112552.0 aB-710592 a9789311129204c460.00 aB-710592 adplbRk Books  aSharma, Prajjwal aIAS mains general studies paper 2 : cby Prajjwal Sarma, Yashwant Singh Rana [and] Mohit Sharma edited by Priya Goyalbgovernance constitution, polity social justice & international relations / aNew DelhibArihant Publications(India ) Limitedc201? a4577/15, Agarwal Road, Daryaganj bNew Delhi e110002k011-47630600l-m- a664p.bill.c27cm(pbk) awith previous Years' Questions 2016-13 aRana, Yashwant Singh  a Sharma, Mohit  aGoyal, Priya ed